3er Seminario de actualización técnica : Fertilización en cultivos extensivas y forrajeras /

Guardado en:
Autor Corporativo: Seminario de actualización técnica Buenos Aires)
Formato: Libro
Idioma:Spanish
Publicado: Buenos Aires : CPIA, 1996.
Etiquetas: Agregar Etiqueta
Sin Etiquetas, Sea el primero en etiquetar este registro!
LEADER 00699nam a22001575a 4500
001 EEA.libagro005643
005 20161013083601.0
008 130809s1996####ag#a##########100#0#spa#d
082 0 4 |a 633.10489 
082 0 4 |a 633.20889 
111 2 |a Seminario de actualización técnica  |n (3 :  |d agosto de 1996 :  |c Buenos Aires) 
245 1 0 |a 3er Seminario de actualización técnica :  |b Fertilización en cultivos extensivas y forrajeras /  |c Consejo Profesional de Ingeniería Agronómica ; Sociedad Rural Argentina. 
260 |a Buenos Aires :  |b CPIA,  |c 1996. 
300 |a 216 p. :  |b il. ;  |c 22 cm. 
500 |a Ciclo de Seminarios exclusivos para profesionales. 
859 |a AR-BbBCA  |b BIB. AGRONOMIA  |h 633.10489  |i C755 3 1996  |p 1997/2987